Music Quiz

Random Music or Lyrics Quiz
Score 0/242 Timer 10:00
0 Plays Today
% Correct
go
100%
[Fades]
99.9%
I
96%
I
96%
I
96%
I
96%
I
96%
I
96%
I
96%
a
95.6%
a
95.6%
a
95.6%
You
93.1%
you
93.1%
You
93.1%
you
93.1%
you
93.1%
you
93.1%
You
93.1%
You
93.1%
you
93.1%
you
93.1%
you
93.1%
you.
93.1%
you.
93.1%
you.
93.1%
you.
93.1%
you!
93.1%
the
90.9%
the
90.9%
the
90.9%
the
90.9%
the
90.9%
the
90.9%
the
90.9%
an
90.8%
be
88.4%
be,
88.4%
be
88.4%
be
88.4%
be
88.4%
be.
88.4%
be,
88.4%
be
88.4%
be
88.4%
to
88.3%
to
88.3%
to
88.3%
and
87.9%
and
87.9%
do
85.5%
do
85.5%
do.
85.5%
do.
85.5%
is
84.5%
is
84.5%
is
84.5%
it.
84%
me.
83.9%
me
83.9%
me
83.9%
me
83.9%
me.
83.9%
me
83.9%
me
83.9%
your
83.6%
your
83.6%
your
83.6%
your
83.6%
your
83.6%
your
83.6%
your
83.6%
your
83.6%
your
83.6%
in.
82%
on,
80.3%
on,
80.3%
on,
80.3%
on,
80.3%
can
80.2%
can
80.2%
% Correct
my
74.9%
my
74.9%
my
74.9%
my
74.9%
my
74.9%
want
74.4%
want
74.4%
will
73.8%
will
73.8%
will
73.8%
will
73.8%
if
73.3%
if
73.3%
for
72.5%
for
72.5%
for
72.5%
for
72.5%
All
72%
all
72%
no
71.6%
have
68.9%
have
68.9%
have
68.9%
have
68.9%
don't
68.6%
don't
68.6%
Why
66.6%
Why
66.6%
where
66.2%
I'll
64.7%
there
64.1%
could
63.9%
could
63.9%
could
63.9%
could
63.9%
that
63.4%
that
63.4%
This
62.5%
This
62.5%
This
62.5%
This
62.5%
as
60.8%
as
60.8%
I'm
59.8%
just
56.2%
up
53.6%
up
53.6%
up
53.6%
need.
51.8%
down
50.8%
down,
50.8%
let
49.8%
let
49.8%
I've
47.9%
I've
47.9%
I've
47.9%
Oh
46.4%
Oh
46.4%
won't
46.4%
bee.
45.5%
never
43%
going
39.5%
Only
39.5%
Going
39.5%
You've
39.3%
honey
38%
call
37.6%
call
37.6%
call
37.6%
call
37.6%
Come
37.2%
come
37.2%
Come
37.2%
come
37.2%
been
35.6%
been
35.6%
been
35.6%
Yeah,
34.9%
yeah,
34.9%
yeah,
34.9%
yeah,
34.9%
% Correct
yeah,
34.9%
yeah,
34.9%
Yeah,
34.9%
yeah,
34.9%
yeah,
34.9%
yeah,
34.9%
yeah,
34.9%
yeah,
34.9%
yeah,
34.9%
yeah,
34.9%
around
34%
car,
32.5%
'cause
32.2%
anything
30.9%
name.
30%
name?
30%
You'd
29.3%
Sledge.
29.1%
Sledge.
29.1%
big
28.1%
sledgehammer.
28.1%
sledgehammer.
28.1%
sledgehammer.
28.1%
sledgehammer,
28.1%
sledgehammer,
28.1%
about
28.1%
Sledgehammer.
28.1%
back.
26.6%
lay
26.2%
skies
26%
blue
25.6%
train,
24.3%
new
24.1%
Show
22.4%
doubt
22.4%
show
22.4%
show
22.4%
Show
22.4%
show
22.4%
steam
22.1%
tracks.
21.7%
aeroplane
21.4%
sweet
20.9%
bring
20.4%
flying,
19.2%
dipper,
17.8%
bumper
17.3%
bumping.
17%
fruit
16.4%
Open
16%
testimony.
14.9%
testimony.
14.9%
ends.
14.6%
round
14.1%
better
14.1%
Shed
12.9%
through.
12.9%
help
12.9%
help
12.9%
skin.
12.4%
bends.
12%
dancing
11.6%
amusement
11%
habit.
10.6%
stuff.
10.5%
kicked
10.1%
hey!
9.8%
coming
9.7%
fruitcage,
7.9%
fruitcage,
7.9%
power.
7.3%
power,
7.3%
mean
6.8%
rhythm,
5.9%
rhythm.
5.9%
feeding
3.5%
feeding
3.5%
build
2.9%
Build,
2.9%
build
2.9%
Remove Ads.
Support Sporcle.
Get the best of Sporcle when you Go Orange. This ad-free experience offers more features, more stats, and more fun while also helping to support Sporcle. Thank you for becoming a member.

You're not logged in!

Compare scores with friends on all Sporcle quizzes.
OR
Log In

Show Comments

Extras

Top Quizzes Today


Score Distribution

Your Account Isn't Verified!

In order to create a playlist on Sporcle, you need to verify the email address you used during registration. Go to your Sporcle Settings to finish the process.

Report this User

Report this user for behavior that violates our Community Guidelines.

Details: